Derecho y economa̕ el anl̀isis econm̤ico de las instituciones legales /

Bibliographic Details
Main Author: Bullard Gonzl̀ez, Alfredo
Format: Book
Language:Spanish
Published: Lima : Palestra Editores, 2006
Edition:2a ed.
Subjects:
Online Access:Acceso restringido

MARC

LEADER 00000nam a2200000 a 4500
005 20110923123925.0
007 ta
008 080215s2006 pe 001 0 spa c
020 |a 978-9972-224-18-8 
035 |a 4883 
040 |a vLex 
090 |c 2555  |d 2555 
100 1 |a Bullard Gonzl̀ez, Alfredo 
245 1 0 |a Derecho y economa̕   |h [Recurso electrn̤ico] :  |b el anl̀isis econm̤ico de las instituciones legales /  |c Alfredo Bullard Gonzl̀ez ; prl̤ogo de Fernando de Trazegnies 
250 |a 2a ed. 
256 |a Servicio en ln̕ea. 
260 |a Lima :  |b Palestra Editores,  |c 2006 
300 |a 1305 p. ;  |c 24 cm. 
500 |a Índice p. 1293-1305 
504 |a Bibliografa̕ 
506 1 |a Contenido solo disponible en los productos indicados  |d vLex Global  |d vLex Global (Academic Edition, excluding Law Schools)  |d vLex Global (U.S. Academic Edition, Law Schools)  |d vLex Global (U.S. Academic Edition, excluding Law Schools)  |d vLex Global (Academic Edition, Law Schools) 
650 0 4 |a Economa̕  |z Mx̌ico 
651 4 |a Peru 
740 0 |a vLex Libros (Servicio en ln̕ea) 
856 4 0 |u http://vlex.com/source/derecho-economia-analisis-economico-instituciones-legales-4883  |z Acceso restringido 
942 |c BOOK